Bekannte deutsche Mittelstädte - Statistiken

Allgemein
  • Dieses Quiz wurde 91 mal gespielt
    72 seit der letzten Aktualisierung
  • Das Durchschnittsergebnis liegt bei 13 aus 20
Antwortstatistiken
Hinweis Einwohner BL Stadt % Korrekt
Einzige Landeshauptstadt, die keine Großstadt ist 98.308 MV Schwerin
97%
Ein Rattenfänger lockte angeblich alle Kinder aus dieser Stadt 58.244 NI Hameln
87%
Größte Stadt am Bodensee 86.919 BW Konstanz
87%
Einzige deutsche Stadt, die mit X beginnt 21.179 NW Xanten
87%
Heimat vieler Künstler und Philosophen wie Bach, Schiller, Goethe, Nietzsche und Liszt 65.954 TH Weimar
79%
Namensgeberin einer berühmten niedersächsischen Landschaft 74.785 NI Lüneburg
78%
Östlichste Stadt Deutschlands 55.186 SN Görlitz
73%
Mittelstadt mit einer Mannschaft in der Fußball-Bundesliga 2025/26 50.618 BW Heidenheim an der Brenz
73%
Hier nagelte Martin Luther seine 95 Thesen an die Kirche 45.249 ST Wittenberg
73%
Politisch-kulturelles Zentrum der Sorben 95.123 BB Cottbus
71%
Von hier stammt das erste europäische Porzellan 28.753 SN Meißen
68%
Mittelstadt mit einer Mannschaft in der Fußball-Bundesliga 2025/26 37.036 BW Sinsheim
63%
Standort der Wartburg und Geburtsort von Johann Sebastian Bach 40.747 TH Eisenach
60%
Universitätsstadt, deren Altstadt einen der größten weitgehend unversehrten historischen Stadtkerne in Deutschland darstellt 77.150 BY Bamberg
56%
Das Naturkundemuseum und Aquarium "Ozeaneum" befindet sich hier 54.094 MV Stralsund
56%
Ehemaliger Produktionsort der Zeppeline 62.796 BW Friedrichshafen
51%
Hier in der Nähe steht das Hermannsdenkmal 74.278 NW Detmold
38%
Seit Jahrhunderten ein Abbaugebiet für Edelsteine 29.158 RP Idar-Oberstein
32%
„Mutter von Monte-Carlo“ genannter Kurort nahe des Römerkastells Saalburg 56.688 HE Bad Homburg vor der Höhe
30%
Bekannt für ihre Wildpferde 47.989 NW Dülmen
16%
Keine übereinstimmenden Quizze gefunden
Verteilung der Resultate
Anzahl Personen mit jedem Resultat
Perzentil nach korrekt beantworteten Fragen
Ihre Resultats-Entwicklung
Sie haben dieses Quiz seit der letzten Aktualisierung nicht gespielt